[Event "Mistrzostwa Polski Mlodzikow do lat 10 - Chlopcy"]
[Site "Karpacz"]
[Date "1899-12-30"]
[Round "4.22"]
[White "Klisowski, Bartosz"]
[Black "Pancewicz, Szymon"]
[Result "1-0"]
[WhiteTitle "II"]
[BlackTitle "II"]
[WhiteElo "1166"]
[BlackElo "1421"]

1. c4 Nf6 2. Nc3 c5 3. g3 d5 4. cxd5 Nxd5 5. Bg2 e6 6. Nf3 Nc6 7. O-O Be7 8. Nxd5
exd5 9. d3 O-O 10. Bf4 Bf5 11. Rc1 Qd7 12. Qd2 Bh3 13. Rfd1 Bxg2 14. Kxg2 b5 15.
d4 c4 16. Ne5 Qb7 17. Nxc6 Qxc6 18. b3 Bd6 19. Bxd6 Qxd6 20. bxc4 bxc4 21. Qf4
Qxf4 22. gxf4 Rab8 23. Rd2 f5 24. Kf3 Rb6 25. Rc3 Rfb8 26. Ra3 R8b7 27. Ra5 Rb5
28. Ra6 Kf7 29. Rc2 R5b6 30. Ra5 Rb5 31. Ra6 R5b6 32. Ra3 Ke6 33. Rcc3 Rc7 34.
Kg3 Kd6 35. Ra4 Rb2 36. e3 Kc6 37. f3 Kb5 38. Raa3 Kb4 39. h4 a5 40. h5 a4 41.
Kh4 Rxa2 42. Rxa2 Kxc3 43. Rxa4 Kb3 44. Ra1 c3 45. Kg5 Rf7 46. e4 fxe4 47. fxe4
dxe4 48. f5 c2 49. Kf4 Kb2 50. Re1 c1=Q+ 51. Rxc1 Kxc1 52. Kxe4 Kd2 53. Ke5 Ra7
54. d5 Kd3 55. d6 Ke3 56. Ke6 Kf4 57. h6 gxh6 58. f6 h5 59. f7 Ra8 60. Ke7 h4
61. d7 h3 62. d8=Q Rxd8 63. Kxd8 Kg3 64. f8=Q Kg2 65. Qg7+ Kh1 66. Qg3 h2 67.
Qf2 h5 68. Qf1# 1-0

[Event "Mistrzostwa Polski Mlodzikow do lat 10 - Chlopcy"]
[Site "Karpacz"]
[Date "1899-12-30"]
[Round "4.23"]
[White "Seemann, Jakub"]
[Black "Wydmanski, Szymon"]
[Result "1-0"]
[WhiteTitle "II+"]
[BlackTitle "II"]
[WhiteElo "1395"]
[BlackElo "1181"]

1. e4 c5 2. c3 e6 3. d4 cxd4 4. cxd4 Nc6 5. Nf3 Nf6 6. Nc3 Bb4 7. Bd3 d6 8. O-O
O-O 9. Qc2 Qc7 10. a3 Bxc3 11. bxc3 Bd7 12. c4 b6 13. Re1 e5 14. d5 Na5 15. Bd2
Nb7 16. Bg5 Nh5 17. Be2 h6 18. Be3 Nf6 19. h3 Nc5 20. Bxc5 Qxc5 21. Bd3 Rac8 22.
Qd2 Nh5 23. Qb4 Nf4 24. Qxc5 Rxc5 25. Bf1 f5 26. g3 Ng6 27. Nd2 Rc7 28. f3 Bc8
29. Kf2 Rcf7 30. Bg2 fxe4 31. Nxe4 Rd8 32. a4 Bf5 33. a5 Bxe4 34. Rxe4 Rb8 35.
Re2 bxa5 36. Rxa5 Rb4 37. c5 dxc5 38. Rxc5 e4 39. f4 Ne5 40. Bxe4 Rf8 41. Ke3
Nd7 42. Rc7 Re8 43. Kf3 Nf6 44. Bg6 Rxe2 45. Rc8+ Re8 46. Bxe8 Nxe8 47. Rxe8+
Kf7 48. Ra8 Ra4 49. Rb8 a5 50. Rb5 Ra3+ 51. Kg4 a4 52. h4 Rb3 53. Ra5 Ra3 54.
Kf5 g6+ 55. Ke5 Ra1 56. Ra7+ Ke8 57. Kf6 a3 58. Kxg6 a2 59. f5 1-0

[Event "Mistrzostwa Polski Mlodzikow do lat 10 - Chlopcy"]
[Site "Karpacz"]
[Date "1899-12-30"]
[Round "4.24"]
[White "Labedzki, Kamil"]
[Black "Turowski, Maciej"]
[Result "0-1"]
[WhiteTitle "II"]
[BlackTitle "III"]
[WhiteElo "1131"]
[BlackElo "1259"]

1. e4 Nf6 2. Nc3 d5 3. e5 d4 4. exf6 dxc3 5. fxe7 cxd2+ 6. Bxd2 Bxe7 7. Bd3 O-O
8. Ne2 Nc6 9. O-O b6 10. Bc3 Bb7 11. Qc1 Bg5 12. f4 Be7 13. Rd1 Bc5+ 14. Kh1 Qh4
15. b3 Qg4 16. h3 Qe6 17. Qb2 Nb4 18. Bxg7 Qxh3# 0-1

[Event "Mistrzostwa Polski Mlodzikow do lat 10 - Chlopcy"]
[Site "Karpacz"]
[Date "1899-12-30"]
[Round "4.25"]
[White "Jarocki, Gabriel"]
[Black "Rog, Bartlomiej"]
[Result "1-0"]
[WhiteTitle "II"]
[BlackTitle "III"]
[WhiteElo "1241"]
[BlackElo "1167"]

1. d4 Nf6 2. c4 e6 3. Nc3 Bb4 4. Bd2 Bxc3 5. Bxc3 d5 6. e3 O-O 7. Nf3 Nc6 8. Bd3
b6 9. O-O Bb7 10. Rc1 Rc8 11. Qe2 Re8 12. b4 Ne7 13. c5 Ng6 14. Bd2 c6 15. Rc2
b5 16. Ra1 Ra8 17. a4 a6 18. Rca2 Qe7 19. Ra3 Ra7 20. axb5 cxb5 21. Bxb5 Ne4 22.
Bxe8 Qxe8 23. b5 Nxd2 24. Nxd2 Qb8 25. bxa6 Bc6 26. Qd3 Qc7 27. Qb3 Ra8 28. Qb6
Qc8 29. a7 h6 30. Rb1 Kh7 31. Qa6 Ne7 32. Qxc8 Nxc8 33. Rb8 Rxa7 34. Rxc8 Rxa3
35. Rxc6 Rd3 36. Nf1 Rc3 37. g3 Rc1 38. Kg2 Rc2 39. Rb6 Kg6 40. h3 h5 41. Nh2
Kf5 42. Rb7 Kg6 43. Nf3 f6 44. Re7 e5 45. Rd7 e4 46. Nh4+ Kh6 47. Rxd5 g5 48.
Nf5+ Kg6 49. Nd6 g4 50. h4 Kh6 51. Nxe4 Kg6 52. Rd6 Kf5 53. Nxf6 Kg6 54. Nxg4+
Kf5 55. Nf6 Kg6 56. c6 Kf5 57. Nxh5 Ke4 58. d5 Ke5 59. Rd7 Ke4 60. Nf4 Ke5 61.
c7 Ke4 62. d6 Ke5 63. Rd8 Ke4 64. c8=Q Ke5 65. Qxc2 Kf6 66. Qg6+ 1-0

[Event "Mistrzostwa Polski Mlodzikow do lat 10 - Chlopcy"]
[Site "Karpacz"]
[Date "1899-12-30"]
[Round "4.26"]
[White "Raclawicki, Tymoteusz"]
[Black "Jendrowiak, Maciej"]
[Result "0-1"]
[WhiteTitle "III"]
[BlackTitle "III"]
[WhiteElo "1229"]
[BlackElo "1143"]

1. e4 e5 2. Nf3 Nc6 3. Bc4 Bc5 4. c3 Nf6 5. d4 exd4 6. e5 d5 7. Bb5 Ne4 8. cxd4
Bb4+ 9. Bd2 Bxd2+ 10. Nbxd2 Bg4 11. Qc2 Nxd2 12. Bxc6+ bxc6 13. Qxc6+ Bd7 14.
Qxd5 Nxf3+ 15. Qxf3 Be6 16. O-O O-O 17. Rfd1 Bd5 18. Qh5 c6 19. Rac1 f6 20. Rc3
Rc8 21. Rg3 Bf7 22. Qh6 Bg6 23. Qh3 Qe7 24. f4 fxe5 25. dxe5 Rcd8 26. Rf1 Qc5+
27. Kh1 Rxf4 28. Rgf3 Rxf3 29. Qxf3 Rf8 30. Qb3+ Qd5 31. Rxf8+ Kxf8 32. Qb8+ Ke7
33. Qxa7+ Ke6 34. Qa4 Bh5 35. Kg1 Qd1+ 36. Qxd1 Bxd1 37. Kf2 Kxe5 38. Ke3 Ba4
39. Kd3 Kd5 40. Kc3 c5 41. b3 Bb5 42. a4 Ba6 43. b4 cxb4+ 44. Kxb4 Bc8 45. Kc3
Ke4 46. Kd2 g5 47. Ke2 h5 48. Kf2 Kf4 49. h3 g4 50. a5 g3+ 51. Kf1 Ke3 52. Kg1
Bb7 53. a6 Bxa6 54. h4 Kf4 55. Kh1 Kg4 56. Kg1 Kxh4 57. Kh1 Kg4 58. Kg1 h4 59.
Kh1 Bf1 60. Kg1 Bxg2 61. Kxg2 h3+ 62. Kh1 Kf3 63. Kg1 g2 64. Kh2 Kf2 0-1

[Event "Mistrzostwa Polski Mlodzikow do lat 10 - Chlopcy"]
[Site "Karpacz"]
[Date "1899-12-30"]
[Round "4.27"]
[White "Zalega, Maciej"]
[Black "Ratajczak, Marcin"]
[Result "1-0"]
[WhiteTitle "II"]
[BlackTitle "III"]
[WhiteElo "1215"]
[BlackElo "1122"]

1. d4 Nf6 2. Nf3 e6 3. g3 c5 4. Bg2 d5 5. O-O Nc6 6. b3 h6 7. Bb2 b6 8. c4 Be7
9. Nc3 Bb7 10. Qc2 Nxd4 11. Nxd4 cxd4 12. Nb5 a6 13. Nxd4 Rc8 14. Rac1 b5 15.
Qb1 Ne4 16. Bxe4 dxe4 17. Rfd1 Qb6 18. cxb5 Rxc1 19. Qxc1 O-O 20. bxa6 Bxa6 21.
Qe3 Bb7 22. Rc1 Re8 23. Nf5 Qxe3 24. Nxe7+ Rxe7 25. fxe3 Ba6 26. Kf1 Rd7 27. Ke1
Kh7 28. Be5 f6 29. Rc7 Rxc7 30. Bxc7 Kg6 31. a4 Kf7 32. b4 Ke7 33. b5 Bb7 34.
a5 Kd7 35. b6 f5 36. h4 g5 37. h5 Kc6 38. Be5 Kd7 39. Bg7 Ke7 40. Bxh6 Kf6 41.
Kd2 g4 42. Kc3 e5 43. Kb4 Kf7 44. Kc5 Ke7 45. Bg5+ Ke6 46. h6 Kf7 47. Kd6 Kg6
48. Kc7 Kxg5 49. h7 Ba6 50. h8=Q f4 51. Qg7+ Kf5 52. Qf7+ Kg5 53. exf4+ exf4 54.
Qxf4+ Kh5 55. Qf5+ Kh6 56. Qxg4 e3 57. b7 Bxb7 58. Kxb7 1-0

[Event "Mistrzostwa Polski Mlodzikow do lat 10 - Chlopcy"]
[Site "Karpacz"]
[Date "1899-12-30"]
[Round "4.28"]
[White "Michno, Mateusz"]
[Black "Jurewicz, Igor"]
[Result "0-1"]
[WhiteTitle "III"]
[BlackTitle "III"]
[WhiteElo "1213"]
[BlackElo "1104"]

1. e4 c5 2. Nf3 d6 3. d4 cxd4 4. Nxd4 Nf6 5. Nc3 a6 6. f4 e5 7. Nf3 Nc6 8. Be2
b5 9. a3 Be6 10. O-O Ng4 11. Ng5 Qb6+ 12. Kh1 Nf2+ 13. Rxf2 Qxf2 14. Nd5 Rc8 15.
Be3 Qh4 16. g3 Qh6 17. f5 Bxd5 18. exd5 Nd4 19. Qd2 Rxc2 20. Qd1 Rxe2 21. h4 Rxe3
22. Qd2 Rxg3 23. Qh2 Ne2 24. Re1 Rg4 0-1

[Event "Mistrzostwa Polski Mlodzikow do lat 10 - Chlopcy"]
[Site "Karpacz"]
[Date "1899-12-30"]
[Round "4.29"]
[White "Skrzypinski, Jan"]
[Black "Sowinski, Pawel"]
[Result "1-0"]
[WhiteTitle "II"]
[BlackTitle "III"]
[WhiteElo "1088"]
[BlackElo "1192"]

1. e4 c5 2. Nf3 Nc6 3. d4 cxd4 4. Nxd4 Nxd4 5. Qxd4 d6 6. Nc3 e5 7. Qd1 Nf6 8.
Bc4 Be7 9. Be3 a6 10. O-O Ng4 11. Qd2 Nxe3 12. Qxe3 O-O 13. Rad1 Kh8 14. f4 Qc7
15. Bb3 Be6 16. f5 Bxb3 17. cxb3 Rad8 18. Nd5 Qd7 19. Rc1 Qe8 20. Qf3 f6 21. Nc7
Qf7 22. Ne6 Rc8 23. Nxf8 Qxf8 24. Rc3 b5 25. Rfc1 Rxc3 26. Qxc3 a5 27. Qc8 Bd8
28. Kf1 h6 29. Qd7 Qe7 30. Qe6 Kh7 31. Rc8 h5 32. Qxe7 Bxe7 33. Re8 1-0

[Event "Mistrzostwa Polski Mlodzikow do lat 10 - Chlopcy"]
[Site "Karpacz"]
[Date "1899-12-30"]
[Round "4.30"]
[White "Pawlowski, Kamil"]
[Black "Zieba, Hubert"]
[Result "0-1"]
[WhiteTitle "III"]
[BlackTitle "II"]
[WhiteElo "1060"]
[BlackElo "1171"]

1. e4 c5 2. Nf3 Nc6 3. Bc4 g6 4. c3 Bg7 5. d4 cxd4 6. cxd4 d6 7. O-O Bg4 8. Bxf7+
Kxf7 9. Ng5+ Ke8 10. Qxg4 Nxd4 11. Qd1 Nc6 12. Ne6 Qd7 13. Nxg7+ Kf7 14. Nh5 gxh5
15. Qxh5+ Kf8 16. Bh6+ Nxh6 17. Qxh6+ Kf7 18. Qf4+ Kg8 19. Nc3 Rf8 20. Qg5+ Kf7
21. Qh5+ Kg8 22. Rae1 Qe8 23. Qd5+ Qf7 24. Re3 Qxd5 25. Nxd5 Rf7 26. Rg3+ Kf8
27. Nc7 Nd4 28. Rd3 e5 29. Kh1 Rxc7 30. f4 Kg7 31. Rg3+ Kf6 32. fxe5+ Kxe5 33.
Re3 Rhc8 34. h3 Rc1 35. Rxc1 Rxc1+ 36. Kh2 Rc2 37. a3 Kf4 38. Re1 Nf3+ 39. Kh1
Nxe1 40. b4 Nf3 41. gxf3 Kg3 42. e5 Rc1# 0-1

[Event "Mistrzostwa Polski Mlodzikow do lat 10 - Chlopcy"]
[Site "Karpacz"]
[Date "1899-12-30"]
[Round "4.31"]
[White "Wielgus, Wojciech"]
[Black "Stanik, Szymon"]
[Result "1/2-1/2"]
[WhiteTitle "II"]
[BlackTitle "II"]
[WhiteElo "1440"]
[BlackElo "1053"]

1. e4 c5 2. Nf3 a6 3. d4 cxd4 4. Nxd4 d6 5. Nc3 Nf6 6. Be3 e6 7. f3 Nbd7 8. g4
g6 9. h4 Ne5 10. g5 Nh5 11. f4 Nd7 12. Be2 Ng3 13. Rg1 Nxe2 14. Qxe2 Qb6 15. O-O-O
Qc7 16. Qd2 b5 17. Nde2 Bb7 18. Ng3 O-O-O 19. Kb1 Kb8 20. Bd4 e5 21. Be3 Nc5 22.
Bxc5 Qxc5 23. fxe5 Qxe5 24. Qd4 Bg7 25. Qxe5 Bxe5 26. Nd5 Bxd5 27. exd5 Rhe8 28.
a3 Kb7 29. Rdf1 Rf8 30. Ne4 Rde8 31. Nf6 Bxf6 32. Rxf6 Kc7 33. Rgf1 Re7 34. Ka2
a5 35. Kb3 Rd7 36. a4 Kb6 37. axb5 Kxb5 38. R1f4 Kc5 39. c4 a4+ 40. Kc3 Rb7 41.
Kc2 Rb4 42. Kc3 Rb7 43. Kc2 Rb4 44. Kc3 Rfb8 45. Rxf7 Rxb2 46. Rc7+ Kb6 47. Ra7
Kc5 48. Rc7+ Kb6 49. Kxb2 Kxc7+ 50. Ka3 1/2-1/2

[Event "Mistrzostwa Polski Mlodzikow do lat 10 - Chlopcy"]
[Site "Karpacz"]
[Date "1899-12-30"]
[Round "4.32"]
[White "Iwaszkiewicz, Grzegorz"]
[Black "Borowik, Karol"]
[Result "1-0"]
[WhiteTitle "II"]
[BlackTitle "III"]
[WhiteElo "1330"]
[BlackElo "1016"]

1. d4 Nf6 2. Bg5 g6 3. Bxf6 exf6 4. e3 Bg7 5. g3 d6 6. Bg2 c6 7. c4 O-O 8. Ne2
f5 9. Nbc3 Nd7 10. O-O Nf6 11. b4 a5 12. a3 Re8 13. c5 d5 14. b5 Bd7 15. Na4 Ne4
16. Nb6 Ra7 17. Bxe4 fxe4 18. Nxd7 Qxd7 19. bxc6 bxc6 20. Rb1 Qc7 21. Nc3 f5 22.
Na4 Rb8 23. Nb6 Rbb7 24. Rb3 Qb8 25. Qc2 Bf6 26. Rfb1 Bd8 27. R1b2 Kf7 28. Qb1
Bxb6 29. Rxb6 Rxb6 30. Rxb6 Qc7 31. Qd1 h5 32. Qa4 Ke7 33. Rxc6 Qd7 34. Qb5 Rb7
35. Qa6 Ra7 36. Qc8 g5 37. Qxd7+ Kxd7 38. Rg6 g4 39. Rg7+ Kc6 40. Rxa7 Kb5 41.
a4+ Kxa4 42. Rb7 Ka3 43. c6 a4 44. c7 Ka2 45. c8=Q a3 46. Qc2+ Ka1 47. Rb1# 1-0

[Event "Mistrzostwa Polski Mlodzikow do lat 10 - Chlopcy"]
[Site "Karpacz"]
[Date "1899-12-30"]
[Round "4.33"]
[White "Sokolowski, Hubert"]
[Black "Maciejek, Marcel"]
[Result "1/2-1/2"]
[WhiteTitle "III"]
[BlackTitle "II"]
[WhiteElo "1057"]
[BlackElo "1104"]

1. e4 c5 2. Nf3 e6 3. d4 cxd4 4. Nxd4 a6 5. c4 Nf6 6. Nc3 Bb4 7. Bd3 a5 8. Bd2
O-O 9. O-O b6 10. a3 Bc5 11. Nf3 Bb7 12. h3 Qc7 13. Qe2 h6 14. Be3 d6 15. Rad1
Nbd7 16. Bd2 Rfe8 17. Rfe1 Qc6 18. Rc1 Nf8 19. Bc2 Qc7 20. Ba4 Bc6 21. Bxc6 Qxc6
22. e5 dxe5 23. Nxe5 Qc7 24. Nf3 Ng6 25. Be3 Bd6 26. Red1 Rad8 27. Rd2 Re7 28.
Rcd1 Red7 29. Nb5 Qb8 30. Nxd6 Rxd6 31. Rxd6 Rxd6 32. Rxd6 Qxd6 33. Qd2 Qc7 34.
b3 a4 35. Qc2 axb3 36. Qxb3 Nd7 37. Bd4 e5 38. Be3 Nc5 39. Bxc5 bxc5 40. a4 Qc6
41. Qb5 Qa8 42. a5 1/2-1/2

[Event "Mistrzostwa Polski Mlodzikow do lat 10 - Chlopcy"]
[Site "Karpacz"]
[Date "1899-12-30"]
[Round "5.1"]
[White "Karwacki, Piotr"]
[Black "Klimkowski, Jan"]
[Result "1/2-1/2"]
[WhiteTitle "II+"]
[BlackTitle "II"]
[WhiteElo "1536"]
[BlackElo "1492"]

1. e4 c5 2. Nf3 d6 3. d4 cxd4 4. Nxd4 Nf6 5. Nc3 a6 6. Be3 e5 7. Nb3 Be6 8. f3
h5 9. Qd2 Nbd7 10. O-O-O b5 11. Kb1 Rc8 12. f4 b4 13. Nd5 a5 14. Nxf6+ Nxf6 15.
fxe5 Nxe4 16. Bb5+ Bd7 17. Bxd7+ Qxd7 18. Qd5 Qc6 19. Qxc6+ Rxc6 20. exd6 Rxd6
21. Nxa5 Rg6 22. Rhe1 Rxg2 23. Nc6 f5 24. Rd8+ Kf7 25. Ne5+ Kf6 26. Bd4 Ke6 27.
Nf3 Rg8 28. Bc5 Bxc5 29. Rxg8 Kf6 30. Rc8 Rf2 31. Rc6+ Bd6 32. Nd4 Rxh2 33. Nb5
Rd2 34. Kc1 Rd5 35. Nc7 Rc5 36. Ne8+ Ke5 37. Rxc5+ Bxc5 38. Nxg7 h4 39. Kd1 h3
40. Nh5 f4 41. Ke2 h2 42. Kf3 Kf5 43. Kg2 Bg1 44. Rxg1 hxg1=Q+ 45. Kxg1 Kg4 46.
Nxf4 Kxf4 47. a3 bxa3 48. bxa3 Ke3 1/2-1/2

[Event "Mistrzostwa Polski Mlodzikow do lat 10 - Chlopcy"]
[Site "Karpacz"]
[Date "1899-12-30"]
[Round "5.2"]
[White "Grot, Blazej"]
[Black "Fiszer, Bartosz"]
[Result "0-1"]
[WhiteTitle "II"]
[BlackTitle "CM"]
[WhiteElo "1341"]
[BlackElo "1651"]

1. e4 c5 2. Nf3 Nc6 3. d4 cxd4 4. Nxd4 g6 5. c4 Nf6 6. Nc3 d6 7. Be2 Nxd4 8. Qxd4
Bg7 9. Be3 O-O 10. Qd1 Be6 11. O-O Qa5 12. f3 Rfc8 13. Nd5 Nxd5 14. cxd5 Bd7 15.
Qb3 Ba4 16. Qxb7 Rab8 17. Qxa7 Qxa7 18. Bxa7 Rxb2 19. Bd1 Rb7 20. Bxa4 Rxa7 21.
Rac1 Bd4+ 22. Kh1 Rxc1 23. Rxc1 Rxa4 24. Rc2 Rb4 25. h3 Rb1+ 26. Kh2 Be5+ 27.
g3 Rb2 28. Rxb2 Bxb2 29. Kg2 Kf8 30. Kf2 Ke8 31. Ke2 Kd7 32. Kd2 Kc7 33. Kc2 Ba3
34. Kb3 Bc5 35. f4 Kb6 36. h4 Bf2 37. e5 Bxg3 0-1

[Event "Mistrzostwa Polski Mlodzikow do lat 10 - Chlopcy"]
[Site "Karpacz"]
[Date "1899-12-30"]
[Round "5.3"]
[White "Dziewonski, Dariusz"]
[Black "Borowik, Wojciech"]
[Result "1-0"]
[WhiteTitle "II+"]
[BlackTitle "II"]
[WhiteElo "1476"]
[BlackElo "1361"]

1. e4 c6 2. d4 d5 3. Nd2 dxe4 4. Nxe4 Bf5 5. Ng3 Bg6 6. h4 h6 7. f4 e6 8. Nf3 Nd7
9. h5 Bh7 10. Bd3 Bxd3 11. Qxd3 Ngf6 12. Bd2 Bd6 13. O-O-O Qc7 14. Ne5 Bxe5 15.
dxe5 Nd5 16. Ne4 O-O 17. g4 f6 18. exf6 Nxf4 19. Qd6 Qxd6 20. Nxd6 Rxf6 21. Nxb7
Ne5 22. Bxf4 Rxf4 23. Rd8+ Rxd8 24. Nxd8 Rf6 25. b3 Kf8 26. Re1 Ke7 27. Rxe5 Kxd8
28. g5 hxg5 29. Rxg5 Rf7 30. Ra5 Rc7 31. Kd2 Ke7 32. Ke3 c5 33. Ra4 Kd6 34. Ke4
c4 35. Rxc4 Rxc4+ 36. bxc4 a5 37. c5+ Kxc5 38. Ke5 Kb4 39. Kxe6 Ka3 40. c4 Kb4
41. Kd5 a4 42. c5 Ka3 43. c6 Kxa2 44. c7 a3 45. c8=Q Kb1 46. Qb7+ Kc2 47. Qxg7
a2 48. h6 Kb1 49. h7 a1=Q 50. Qxa1+ Kxa1 51. h8=Q+ Kb1 52. Qh2 Kc1 53. Qe2 Kb1
54. Qd2 Ka1 55. Kc4 Kb1 56. Kc3 Ka1 57. Kb3 Kb1 58. Qd1# 1-0

[Event "Mistrzostwa Polski Mlodzikow do lat 10 - Chlopcy"]
[Site "Karpacz"]
[Date "1899-12-30"]
[Round "5.4"]
[White "Rylski, Tadeusz"]
[Black "Madej, Marek"]
[Result "0-1"]
[WhiteTitle "II"]
[BlackTitle "II+"]
[WhiteElo "1241"]
[BlackElo "1541"]

1. e4 e5 2. Nf3 Nc6 3. d4 exd4 4. Nxd4 Nf6 5. Nc3 Bb4 6. f3 O-O 7. Bg5 Re8 8. h4
h6 9. Nxc6 bxc6 10. Bd2 d5 11. Bd3 Bxc3 12. Bxc3 dxe4 13. Bxf6 exd3+ 14. Kf2 Qxf6
15. Qxd3 Bf5 16. Qd1 Rad8 17. Qc1 Qd4+ 18. Kf1 Qc4+ 19. Kg1 Bxc2 20. b3 Qd4+ 21.
Kh2 Qxh4+ 22. Kg1 Qd4+ 23. Kh2 Re2 24. Qf1 Qf4+ 25. Kg1 Rdd2 26. Rh2 Bd3 27. Qc1
Qg3 28. Qf1 Rf2 0-1

[Event "Mistrzostwa Polski Mlodzikow do lat 10 - Chlopcy"]
[Site "Karpacz"]
[Date "1899-12-30"]
[Round "5.5"]
[White "Wiszniewski, Szymon"]
[Black "Kejna, Piotr"]
[Result "0-1"]
[WhiteTitle "II"]
[BlackTitle "CM"]
[WhiteElo "1270"]
[BlackElo "1441"]

1. e4 c5 2. Nf3 d6 3. d3 Nc6 4. g3 e6 5. Bg2 Nf6 6. O-O Be7 7. c3 O-O 8. Re1 Rb8
9. Nbd2 b5 10. d4 cxd4 11. cxd4 Bb7 12. e5 dxe5 13. dxe5 Nd5 14. Ne4 Qc7 15. Bg5
Bxg5 16. Nexg5 h6 17. Nh3 Rfd8 18. Qe2 a6 19. Rac1 Qe7 20. Nd2 Nd4 21. Qg4 Nc6
22. Nb3 Rbc8 23. Nc5 Nxe5 24. Rxe5 Rxc5 25. Rb1 Nf6 26. Qb4 Rc1+ 27. Rxc1 Qxb4
28. Bxb7 Qxb2 29. Rec5 Qxa2 30. R5c2 Qa4 31. Nf4 Rd1+ 32. Rxd1 Qxc2 33. Rd8+ Kh7
34. Bxa6 Qc1+ 35. Kg2 Qc6+ 36. f3 Qxa6 37. Rf8 Qb7 38. g4 Nxg4 39. Kg3 Ne5 40.
Nd5 Qxd5 41. h4 Qxf3+ 42. Kh2 Ng4+ 43. Kg1 Qf2+ 44. Kh1 Qf1# 0-1

[Event "Mistrzostwa Polski Mlodzikow do lat 10 - Chlopcy"]
[Site "Karpacz"]
[Date "1899-12-30"]
[Round "5.6"]
[White "Nowak, Filip"]
[Black "Krawczyk, Flawian"]
[Result "1/2-1/2"]
[WhiteTitle "II"]
[BlackTitle "II"]
[WhiteElo "1389"]
[BlackElo "1292"]

1. e4 e6 2. d4 d5 3. Nc3 dxe4 4. Nxe4 Nd7 5. Nf3 Ngf6 6. Bg5 Be7 7. Bd3 O-O 8.
O-O h6 9. Bxf6 Nxf6 10. c3 Bd7 11. Re1 c6 12. Qe2 Nd5 13. Bc2 Qc7 14. Ng3 Rad8
15. Qd3 f5 16. Bb3 Bd6 17. Ne5 Bxe5 18. Rxe5 Bc8 19. Rae1 g5 20. Bxd5 cxd5 21.
Nf1 Qf7 22. Nd2 b6 23. Nf1 f4 24. f3 Rd6 25. h3 Qf6 26. Nh2 h5 27. Kh1 Kh8 28.
Qe2 Re8 29. Qd3 Rf8 30. Qe2 Re8 31. Qd3 Rf8 32. Qe2 Re8 1/2-1/2

[Event "Mistrzostwa Polski Mlodzikow do lat 10 - Chlopcy"]
[Site "Karpacz"]
[Date "1899-12-30"]
[Round "5.7"]
[White "Paszkowski, Krystian"]
[Black "Grzadka, Artur"]
[Result "1-0"]
[WhiteTitle "II"]
[BlackTitle "II"]
[WhiteElo "1365"]
[BlackElo "1233"]

1. d4 Nf6 2. c4 e6 3. g3 Bb4+ 4. Bd2 Bxd2+ 5. Qxd2 O-O 6. Bg2 d5 7. Nc3 c6 8. Nf3
Nbd7 9. cxd5 exd5 10. O-O Re8 11. Rfe1 Nb6 12. b3 Bf5 13. Ne5 Nbd7 14. f4 Nb6
15. e3 Re7 16. h3 h5 17. Qe2 Qc8 18. Kh2 c5 19. Rac1 Rc7 20. Nb5 Re7 21. dxc5
Nbd7 22. Nd6 Qc7 23. Nxf5 Re6 24. Nd4 Ree8 25. Nb5 Qb8 26. Nxd7 Nxd7 27. Bxd5
Nf6 28. Qc4 Nxd5 29. Qxd5 Rd8 30. Nd6 Rd7 31. Qf5 Qc7 32. Red1 Qc6 33. Nc4 Rad8
34. Rxd7 Rxd7 35. Qc2 f6 36. b4 Qf3 37. Qg2 Qd5 38. Qxd5+ Rxd5 39. Kg2 Kf7 40.
Kf3 Ke6 41. Ke2 Kd7 42. Rd1 Rxd1 43. Kxd1 Kc6 44. a4 Kd5 45. Nd2 Ke6 46. Ke2 Kf5
47. e4+ Ke6 48. Ke3 Kd7 49. Kd4 Ke6 50. b5 g6 51. Nc4 f5 52. e5 Ke7 53. c6 b6
54. Kd5 h4 55. gxh4 Kf7 56. c7 Ke7 57. c8=Q Kf7 58. Nd6+ Kg7 59. Qd7+ Kh6 60.
Nf7+ Kh5 61. Qe7 g5 62. Qxg5# 1-0

[Event "Mistrzostwa Polski Mlodzikow do lat 10 - Chlopcy"]
[Site "Karpacz"]
[Date "1899-12-30"]
[Round "5.8"]
[White "Doskocz, Karol"]
[Black "Sniadecki, Oskar"]
[Result "1-0"]
[WhiteTitle "II"]
[BlackTitle "III"]
[WhiteElo "1311"]
[BlackElo "1196"]

1. g3 d5 2. Bg2 e5 3. d3 Nf6 4. Nc3 Bb4 5. Bd2 Bxc3 6. Bxc3 Nc6 7. Nf3 d4 8. Bd2
Bg4 9. Bg5 O-O 10. O-O h6 11. Bxf6 Qxf6 12. Rc1 Rfe8 13. Nd2 Qe6 14. a3 Bh3 15.
c3 Bxg2 16. Kxg2 f5 17. cxd4 exd4 18. Re1 f4 19. Ne4 fxg3 20. fxg3 Ne5 21. h3
Qb6 22. Qc2 c6 23. Rf1 Rf8 24. b4 Rad8 25. Qa2+ Kh8 26. Rxf8+ Rxf8 27. Nd6 Qc7
28. Qe6 Nf7 29. Nxf7+ Qxf7 30. Qxf7 Rxf7 31. Rf1 Rxf1 32. Kxf1 Kh7 33. Kf2 Kg6
34. a4 Kf6 35. Kf3 h5 36. Ke4 Kg5 37. Kxd4 h4 38. gxh4+ Kxh4 39. e4 Kxh3 40. e5
g5 41. e6 g4 42. e7 g3 43. e8=Q g2 44. Qh5+ Kg3 45. Qg5+ Kf2 46. Qe3+ Kf1 47.
Qf3+ Kg1 48. Ke3 b6 49. Qxc6 Kh2 50. Qh6+ Kg1 51. Kf3 Kf1 52. b5 a5 1-0

[Event "Mistrzostwa Polski Mlodzikow do lat 10 - Chlopcy"]
[Site "Karpacz"]
[Date "1899-12-30"]
[Round "5.9"]
[White "Jaworski, Tymon"]
[Black "Demski, Michal"]
[Result "0-1"]
[WhiteTitle "II"]
[BlackTitle "II"]
[WhiteElo "1166"]
[BlackElo "1305"]

1. e4 c6 2. d4 d5 3. e5 c5 4. dxc5 e6 5. a3 Bxc5 6. Qg4 g6 7. Nf3 Nc6 8. b4 Be7
9. Bb5 Bd7 10. Bxc6 Bxc6 11. Be3 Bb5 12. Nd4 Bc4 13. Nd2 Qc7 14. f4 h5 15. Qh3
a5 16. Kf2 Nh6 17. Qf3 Ng4+ 18. Kg3 Nxe3 19. Qxe3 Kf8 20. c3 h4+ 21. Kf3 Rg8 22.
g4 a4 23. h3 Rc8 24. Rac1 b6 25. Rhg1 Qb7 26. Kf2 Bd8 27. N2f3 Qa6 28. g5 Rh8
29. Rg4 Bd3 30. Rxh4 Rxh4 31. Nxh4 Be4 32. Nhf3 Qc4 33. Qe2 Bd3 34. Qd2 b5 35.
Ne1 Be4 36. Qe2 Bb6 37. Rd1 Qxc3 38. Qe3 Qxe3+ 39. Kxe3 Rc3+ 40. Nd3 Rxa3 41.
h4 Ke7 42. Rd2 Kd7 43. Rd1 Bxd4+ 44. Kxd4 Rxd3+ 45. Rxd3 Bxd3 46. Kxd3 Kc6 47.
Kd4 a3 48. Kc3 d4+ 49. Kb3 d3 50. f5 exf5 51. e6 fxe6 52. h5 d2 53. hxg6 d1=Q+
54. Kxa3 Qg4 55. g7 Qxg5 56. g8=Q Qxg8 57. Kb2 Qg3 58. Ka2 Qc3 59. Kb1 Qd2 60.
Ka1 Kd5 61. Kb1 Kc4 62. Ka1 Kb3 63. Kb1 Qd1# 0-1

[Event "Mistrzostwa Polski Mlodzikow do lat 10 - Chlopcy"]
[Site "Karpacz"]
[Date "1899-12-30"]
[Round "5.10"]
[White "Warchol, Kamil"]
[Black "Kopaniewski, Wojciech"]
[Result "0-1"]
[WhiteTitle "II"]
[BlackTitle "II"]
[WhiteElo "1178"]
[BlackElo "1370"]

1. e4 e5 2. Nf3 Nc6 3. Bb5 Bc5 4. c3 Nf6 5. d4 Bb6 6. d5 Ne7 7. Nxe5 Nxe4 8. Qf3
Nd6 9. Ba4 O-O 10. O-O Ndf5 11. Bc2 d6 12. Nc4 Nh4 13. Qg3 Nhg6 14. Qf3 Bd7 15.
Be3 Bxe3 16. Nxe3 Qc8 17. Nd2 Ne5 18. Qe2 Nf5 19. Nxf5 Bxf5 20. Bxf5 Qxf5 21.
Qe4 Qh5 22. Rae1 Ng4 23. Nf3 Nf6 24. Qd3 Qxd5 25. Qxd5 Nxd5 26. Nd4 a6 27. Re2
Rfe8 28. Rfe1 Kf8 29. Nf5 g6 30. Nd4 Rxe2 31. Rxe2 Re8 32. Rxe8+ Kxe8 33. g3 c5
34. Nc2 b5 35. Kf1 Ke7 36. Ke2 Ke6 37. Ne3 Nxe3 38. Kxe3 a5 39. b3 d5 40. a3 g5
41. h3 Ke5 42. f3 d4+ 43. cxd4+ cxd4+ 44. Kd3 Kd5 45. f4 f6 46. b4 a4 47. h4 gxf4
48. gxf4 f5 49. h5 h6 50. Kd2 Ke4 51. Ke2 Kxf4 52. Kd3 Ke5 53. Ke2 Ke4 54. Kd2
f4 55. Ke2 f3+ 56. Kf2 d3 57. Ke1 Ke3 58. Kd1 f2 59. Kc1 f1=Q+ 60. Kb2 d2 61.
Kc3 d1=Q 62. Kb2 Qb3# 0-1

[Event "Mistrzostwa Polski Mlodzikow do lat 10 - Chlopcy"]
[Site "Karpacz"]
[Date "1899-12-30"]
[Round "5.11"]
[White "Gromek, Pawel"]
[Black "Herwy, Jakub"]
[Result "0-1"]
[WhiteTitle "II"]
[BlackTitle "II"]
[WhiteElo "1231"]
[BlackElo "1207"]

1. d4 Nf6 2. c4 e6 3. Nc3 Bb4 4. Qc2 b6 5. Nf3 Bb7 6. Bg5 h6 7. Bh4 d6 8. e3 Bxc3+
9. Qxc3 g5 10. Bg3 Ne4 11. Qc2 f5 12. Bd3 Nd7 13. O-O Ndf6 14. Nd2 Qd7 15. Nxe4
Bxe4 16. Bxe4 Nxe4 17. h3 h5 18. h4 Nxg3 19. fxg3 gxh4 20. gxh4 Rg8 21. e4 O-O-O
22. Rad1 fxe4 23. Qxe4 Kb8 24. Rf4 Qa4 25. Rc1 Qxa2 26. Rc2 Qa4 27. Rff2 Qd7 28.
Rce2 Rg4 29. Qxe6 Qxe6 30. Rxe6 Rxd4 31. Rh6 Rxh4 32. b3 Rg8 33. Rf5 Rhg4 34.
Rf2 h4 35. Rh7 R8g7 36. Rh8+ Kb7 37. Rh5 Re7 38. Kh2 Re3 39. Rb2 Rf4 40. Rh7 a5
41. Rh6 Re5 42. Rh7 a4 43. bxa4 Rxc4 44. Ra2 Ra5 45. Kh3 Raxa4 46. Rxa4 Rxa4 47.
Rxh4 b5 48. g4 Ra3+ 49. Kg2 b4 50. g5 b3 51. g6 Ra2+ 52. Kf3 Ra8 53. Rb4+ Kc6
54. Rxb3 Rg8 55. Ke4 Rxg6 56. Rc3+ Kd7 57. Rc1 Re6+ 58. Kd5 c6+ 59. Kd4 d5 60.
Rc2 Kd6 61. Rc1 Rh6 62. Rc2 Rh4+ 63. Kd3 Rh3+ 64. Kd2 Rh2+ 65. Kd3 Rxc2 66. Kxc2
Ke5 67. Kd3 c5 68. Ke3 d4+ 69. Kd3 Kd5 70. Kd2 Ke4 71. Ke2 d3+ 72. Kd2 Kd4 73.
Kd1 Ke3 74. Ke1 c4 75. Kd1 d2 76. Kc2 Ke2 77. Kc3 d1=Q 78. Kxc4 Qd6 79. Kc3 Qd3+
80. Kb4 Qc2 81. Kb5 Qc7 82. Kb4 Qc6 83. Kb3 Kd3 84. Kb4 Qb6+ 85. Ka3 Qb5 86. Ka2
Kc3 87. Ka1 Qb2# 0-1